|
|
|
|
| LEADER |
00000cam a2200000 7i4500 |
| 001 |
0000014966 |
| 005 |
20080402.0 |
| 008 |
080308 |
| 020 |
|
|
|a 9832220076
|
| 090 |
0 |
0 |
|a 327.595
|b SYE
|
| 100 |
0 |
|
|a Syed Hamid Albar, Dato' Seri, 1944 -
|
| 245 |
1 |
0 |
|a Selected foreign policy speeches
|c by Syed Hamid Albar
|
| 260 |
|
|
|a Kuala Lumpur :
|b Institute of Diplomacy and Foreign Relations ,
|c 2005
|
| 650 |
|
0 |
|a International relations
|
| 650 |
|
0 |
|a Malaysia
|x Foreign relations
|
| 650 |
|
0 |
|a Speeches, address, etc.
|
| 710 |
0 |
|
|a Title
|
| 999 |
|
|
|a 0001011693
|b Book
|c REFERENCE
|e Perbadanan Perpustakaan Awam Johor
|
| 999 |
|
|
|a 0001023144
|b Book
|c Adult Collection
|e Cawangan Sri Merlong
|